| 000 | 00544nam a22001937a 4500 | ||
|---|---|---|---|
| 008 | 150716b xxu||||| |||| 00| 0 alb d | ||
| 041 | 0 | _aalb | |
| 080 | _a658.8 | ||
| 100 | _aElmazi, Liljana; Elmazi, Abedin ; | ||
| 245 |
_aKërkimi marketing : _cLiljana Elmazi; Abedin Elmazi ; |
||
| 260 |
_aTiranë : _bGrand Prind, _c2007. |
||
| 300 |
_a663 f. ; _c23 cm. |
||
| 505 | _aBibliografia.: f.662-663 | ||
| 650 | 0 | _aMarketingu | |
| 650 | 0 | _aKërkimi | |
| 650 | 0 | _aTregu | |
| 650 | 0 | _aTekste për shkollat e larta | |
| 942 |
_2udc _cBK |
||
| 999 |
_c1125 _d1125 |
||